LEADER 01236nam a2200301 4500 001 000000361436 003 CaOOAMICUS 005 20250124142431.0 008 250124s2006 it 000 u ita r 020 $a88-18-02094-3 040 $aSeMil$bita 100 0 $aAristoteles,$d<384-322 a.C.>.$0(OLS)http://semarc/name/1263 245 12$aL'amicizia /$cAristotele ; a cura di Alessandro Veronesi. 264 1$aSantarcangelo di Romagna :$bRusconi libri,$c2006. 300 $aXXV, 65 p. ;$c20 cm 490 1 $aPerle di saggezza 650 4$aAristotele <384-322 a.C.> . Etica nicomachea.$0(OLS)http://semarc/subject/1896 700 1 $aVeronesi, Alessandro.$0(OLS)http://semarc/name/121366 830 0$aPerle di saggezza.$0(OLS)http://semarc/title/452164 850 $aSeMil 852 $aSeMil$W1$xVenegono$y1$m2P VII 518$j254072$B252399$CSeMilBibl$Z2$F252399 $81 900 0 $aAristotele. 961 $aCucchetti don Stefano - Omaggio 996 $6020$a88-18-02094-3$9(OLS)http://semarc/number/302291 996 $6245$aL'amicizia$9(OLS)http://semarc/title/47713 996 $6264$aSantarcangelo di Romagna :$bRusconi libri$9(OLS)http://semarc/publisher/58813 LEADER 00918nam a2200217 i 4500 001 000000132521 003 CaOOAMICUS 005 20070503000000.0 008 070503s1940 it u000 u ita u 013 $a105479 040 $aSeMil$bita 100 1 $aGremigni, Vincenzo Gilla,$c.$0(OLS)http://semarc/name/37290 245 13$aIl santo curato d'Ars /$cP. Gilla Gremigni m.S.C. parroco del S. Cuore del Suffragio. 260 $aFirenze :$bSalani,$c1940. 300 $a330 p., [8] c. di tav. , 17 cm. 600 14$aVianney, Jean-Marie Baptiste .$0(OLS)http://semarc/subject/2781 850 $aSeMil 852 $aSeMil$W1$xVenegono$y1$m3H I 423$j86429$B86429$CSeMilBibl$Z2$F124843 $81 961 $aLascito: Chierichetti mons. Giovanni 996 $6245$aIl santo curato d'Ars$9(OLS)http://semarc/title/194618 996 $6260$aFirenze :$bSalani$9(OLS)http://semarc/publisher/30185